|
|
|
|
| LEADER |
01471nam a2200397 4500 |
| 001 |
9781838679415 |
| 003 |
UtOrBLW |
| 005 |
20191015135049.0 |
| 006 |
m o d |
| 007 |
cr un||||||||| |
| 008 |
191018t20192019enk ob 001 0 eng d |
| 020 |
|
|
|a 9781838679415 (ebook)
|
| 040 |
|
|
|a UtOrBLW
|b eng
|e rda
|c UtOrBLW
|d GrThAP
|
| 043 |
|
|
|a n-cn---
|
| 050 |
|
4 |
|a RA395.C2
|b A53 2019
|
| 072 |
|
7 |
|a MED036000
|2 bisacsh
|
| 072 |
|
7 |
|a MBP
|2 bicssc
|
| 080 |
|
|
|a 338.1
|
| 082 |
0 |
4 |
|a 362.10971
|2 23
|
| 100 |
1 |
|
|a Anderson, Brad C.,
|e author.
|
| 245 |
1 |
0 |
|a Values, rationality, and power :
|b developing organizational wisdom : a case study of a Canadian healthcare authority /
|c Brad C. Anderson.
|
| 264 |
|
1 |
|a Bingley, U.K. :
|b Emerald Publishing Limited,
|c 2019.
|
| 264 |
|
4 |
|c ©2019
|
| 300 |
|
|
|a 1 online resource (xix, 281 pages) ;
|c cm.
|
| 336 |
|
|
|a text
|b txt
|2 rdacontent
|
| 337 |
|
|
|a computer
|b c
|2 rdamedia
|
| 338 |
|
|
|a online resource
|b cr
|2 rdacarrier
|
| 490 |
1 |
|
|a Critical management studies,
|x 2059-6561
|
| 504 |
|
|
|a Includes bibliographical references and index.
|
| 588 |
0 |
|
|a Print version record.
|
| 650 |
|
0 |
|a Medical care
|z Canada.
|
| 650 |
|
0 |
|a Organizational behavior
|x Evaluation.
|
| 650 |
|
7 |
|a Medical
|x Health Policy.
|2 bisacsh
|
| 650 |
|
7 |
|a Health systems & services.
|2 bicssc
|
| 830 |
|
0 |
|a Critical management studies (Series)
|x 2059-6561
|
| 856 |
4 |
0 |
|u https://www.emerald.com/insight/publication/doi/10.1108/S2059-656120196
|z Full Text via HEAL-Link
|